| 000 | 00910nac a22002531u 4500 | ||
|---|---|---|---|
| 010 | _a 2001018936 | ||
| 020 | _a9780273708223 (pbk.) | ||
| 082 | 0 | 0 |
_a330 _bGRI |
| 090 |
_c8862 _d8862 |
||
| 100 | _a20080729 | ||
| 245 | 0 | 0 |
_aApplied economics / _cedited by Alan Griffiths & Stuart Wall. |
| 250 | _a11th ed. | ||
| 260 |
_aNew York : _bFinancial Times Prentice Hall,2007 _c2007 |
||
| 300 |
_a670p.: _bill.; _c23 cm. |
||
| 500 | _adistributer: Baccah | ||
| 504 | _aIncludes bibliographical references and index. | ||
| 511 | _acatalogued by: wessam | ||
| 650 | 0 | _aEconomics. | |
| 651 | 0 |
_aGreat Britain _xEconomic conditions _y20th century. |
|
| 700 | 1 |
_aGriffiths, Alan, _d1944- |
|
| 700 | 1 |
_aWall, Stuart, _d1946- |
|
| 942 |
_cBB _k330GRI |
||
| 999 |
_c8862 _d8862 |
||